000 00808nam a2200277Ia 4500
003 OSt
005 20220928125206.0
006 a|||||r|||| 00| 0
007 ta
008 220927b |||||||| |||| 00| 0 eng d
020 _cUSD 62.50
024 _a137162
037 _b120, 07/03/2018, Aviva Books Company
_cTextual
040 _aSDCL
_cSDCL
_beng
041 _2eng
_aeng
082 _aX:732-8, Q6
100 _aMangan John
_9468826
245 0 _aGlobal logistics and supply chain management
250 _a3rd
260 _c2016
300 _axvii,393p.
_ccm.
650 _aApplied Operation Research
700 _a Lalwani Chandra L.
_9468827
942 _hX:732-8, Q6
_cTEXL
_2CC
999 _c781539
_d781539